000
00327nam a22001457a 4500
008
221130b ||||| |||| 00| 0 eng d
020
_a
9781617316203
041
_a
eng
080
_2
THIRD EDITION
_a
611
082
_a
611AME
100
_a
10
101
_a
ANA
245
_a
ANATOMY&PHYSIOLOGY
_c
AMERMAN C.E
942
_2
udc
_c
BK
999
_c
59040
_d
59040